<?xml version="1.0" encoding="UTF-8"?><?xml-stylesheet type="text/xsl" href="static/style.xsl"?><OAI-PMH xmlns="http://www.openarchives.org/OAI/2.0/" xmlns:xsi="http://www.w3.org/2001/XMLSchema-instance" xsi:schemaLocation="http://www.openarchives.org/OAI/2.0/ http://www.openarchives.org/OAI/2.0/OAI-PMH.xsd"><responseDate>2026-04-30T05:17:41Z</responseDate><request verb="GetRecord" identifier="oai:uvadoc.uva.es:10324/42660" metadataPrefix="marc">https://uvadoc.uva.es/oai/request</request><GetRecord><record><header><identifier>oai:uvadoc.uva.es:10324/42660</identifier><datestamp>2021-06-23T11:07:07Z</datestamp><setSpec>com_10324_1162</setSpec><setSpec>com_10324_931</setSpec><setSpec>com_10324_894</setSpec><setSpec>col_10324_1322</setSpec></header><metadata><record xmlns="http://www.loc.gov/MARC21/slim" xmlns:doc="http://www.lyncode.com/xoai" xmlns:xsi="http://www.w3.org/2001/XMLSchema-instance" xmlns:dcterms="http://purl.org/dc/terms/" xsi:schemaLocation="http://www.loc.gov/MARC21/slim http://www.loc.gov/standards/marcxml/schema/MARC21slim.xsd">
<leader>00925njm 22002777a 4500</leader>
<datafield tag="042" ind1=" " ind2=" ">
<subfield code="a">dc</subfield>
</datafield>
<datafield tag="720" ind1=" " ind2=" ">
<subfield code="a">Gallego Franco, María del Henar</subfield>
<subfield code="e">author</subfield>
</datafield>
<datafield tag="260" ind1=" " ind2=" ">
<subfield code="c">2005</subfield>
</datafield>
<datafield tag="520" ind1=" " ind2=" ">
<subfield code="a">A través de más de un centenar de citas referidas a la mujer bajo la forma de un personaje histórico individual, de un grupo colectivo, o de un género distinto al masculino, las Historiae adversum paganos de Orosio permiten caracterizar un tratamiento concreto de la figura femenina en el marco de la historiografía cristiana hispanorromana tardoantigua y sus puntos de enlace con los modelos femeninos de la historiografía romana pagana clásica.</subfield>
</datafield>
<datafield tag="520" ind1=" " ind2=" ">
<subfield code="a">On  the basis of more than a hundred quotations referring to women as individual historical characters or a collective group, the Historiae adversum paganos by Orosius allows us to distinguish a particular treatment of women in the context of Christian Hispano-Roman Late Antique historiography and its connections with female models in Classical Roman pagan historiography .</subfield>
</datafield>
<datafield tag="024" ind2=" " ind1="8">
<subfield code="a">Habis, Nº 36, 2005, págs. 459-479</subfield>
</datafield>
<datafield tag="024" ind2=" " ind1="8">
<subfield code="a">0210-7694</subfield>
</datafield>
<datafield tag="024" ind2=" " ind1="8">
<subfield code="a">http://uvadoc.uva.es/handle/10324/42660</subfield>
</datafield>
<datafield tag="024" ind2=" " ind1="8">
<subfield code="a">459</subfield>
</datafield>
<datafield tag="024" ind2=" " ind1="8">
<subfield code="a">36</subfield>
</datafield>
<datafield tag="024" ind2=" " ind1="8">
<subfield code="a">479</subfield>
</datafield>
<datafield tag="024" ind2=" " ind1="8">
<subfield code="a">Habis</subfield>
</datafield>
<datafield tag="245" ind1="0" ind2="0">
<subfield code="a">Mujer e historiografía cristiana en la Hispania tardoantigua: las "Historias contra los paganos" de Orosio</subfield>
</datafield>
</record></metadata></record></GetRecord></OAI-PMH>